Breeding field crops / (Record no. 15119)
[ view plain ]
| 000 -LEADER | |
|---|---|
| fixed length control field | 00751nam a2200265 a 4500 |
| 001 - CONTROL NUMBER | |
| control field | 15119 |
| 003 - CONTROL NUMBER IDENTIFIER | |
| rucl marc code | BD-RjUL |
| 005 - DATE AND TIME OF LATEST TRANSACTION | |
| control field | 20211208235743.0 |
| 008 - FIXED-LENGTH DATA ELEMENTS--GENERAL INFORMATION | |
| fixed length control field | 140209s1959 nyua b 001 0 eng |
| 035 ## - SYSTEM CONTROL NUMBER | |
| System control number | (BD-RjUL)15173 |
| System control number | (OCoLC)2513818 |
| 040 ## - CATALOGING SOURCE | |
| Original cataloging agency | DLC |
| Transcribing agency | AJacT |
| Modifying agency | OCoLC |
| -- | DLC |
| -- | BD-RjUL |
| Language of cataloging | eng |
| 041 ## - LANGUAGE CODE | |
| Language code of text/sound track or separate title | eng |
| 082 ## - DEWEY DECIMAL CLASSIFICATION NUMBER | |
| Classification number | 631.522 |
| Author mark and year | POB 1959 |
| 100 1# - MAIN ENTRY--PERSONAL NAME | |
| Personal name | Poehlman, John Milton, |
| Dates associated with a name | 1910- |
| 9 (RLIN) | 47054 |
| 245 10 - TITLE STATEMENT | |
| Title | Breeding field crops / |
| Statement of responsibility, etc. | Line drawings by Hannah T. Croasdale. |
| 260 ## - PUBLICATION, DISTRIBUTION, ETC. (IMPRINT) | |
| Place of publication, distribution, etc. | New York : |
| Name of publisher, distributor, etc. | Holt, |
| Date of publication, distribution, etc. | 1959 |
| 300 ## - PHYSICAL DESCRIPTION | |
| Pagination | 427 p. : |
| Illustrations | illus. ; |
| Size | 26 cm. |
| 504 ## - BIBLIOGRAPHY, ETC. NOTE | |
| Bibliography, etc | Includes bibliography. |
| 650 #0 - SUBJECT ADDED ENTRY--TOPICAL TERM | |
| Topical term or geographic name as entry element | Field crops. |
| 9 (RLIN) | 47055 |
| Topical term or geographic name as entry element | Plant breeding. |
| 9 (RLIN) | 47056 |
| 942 ## - ADDED ENTRY ELEMENTS (KOHA) | |
| Source of classification or shelving scheme | Dewey Decimal Classification |
| Koha item type | Books |
| Lost status | Source of classification or shelving scheme | Damaged status | Not for loan | Collection code | Permanent Location | Current Location | Shelving location | Date acquired | Source of acquisition | Cost, normal purchase price | Total Checkouts | Full call number | Date last seen | Copy number | Koha item type | Date checked out |
|---|---|---|---|---|---|---|---|---|---|---|---|---|---|---|---|---|
| Dewey Decimal Classification | Non-fiction | Central Library, University of Rajshahi | Central Library, University of Rajshahi | 26/11/1975 | Johnathan wren & co. | 7.30 | 631.522 POB 1959 | 09/02/2014 | C-8 | Books | ||||||
| Dewey Decimal Classification | Not For Loan | Non-fiction | Central Library, University of Rajshahi | Central Library, University of Rajshahi | Reading Room | 26/11/1975 | Jonathan Wear & co., | 7.30 | 631.522 POB 1959 | 04/06/2017 | C-1 | Books | ||||
| Dewey Decimal Classification | Non-fiction | Central Library, University of Rajshahi | Central Library, University of Rajshahi | 26/11/1975 | Jonathan Wear & co., | 7.30 | 631.522 POB 1959 | 04/06/2017 | C-2 | Books | ||||||
| Dewey Decimal Classification | Non-fiction | Central Library, University of Rajshahi | Central Library, University of Rajshahi | 26/11/1975 | Jonathan Wear & co., | 7.30 | 631.522 POB 1959 | 04/06/2017 | C-3 | Books | ||||||
| Dewey Decimal Classification | Non-fiction | Central Library, University of Rajshahi | Central Library, University of Rajshahi | 22/02/1964 | Zeitlinger | 72.00 | 631.522 POB 1959 | 16/02/2019 | C-4 | Books | ||||||
| Dewey Decimal Classification | Non-fiction | Central Library, University of Rajshahi | Central Library, University of Rajshahi | 21/11/1963 | Euro-Pak. | 58.44 | 631.522 POB 1959 | 16/02/2019 | C-5 | Books | ||||||
| Dewey Decimal Classification | Non-fiction | Central Library, University of Rajshahi | Central Library, University of Rajshahi | 27/02/1964 | Lahore, Mirza Book Agency | 44.75 | 631.522 POB 1959 | 16/02/2019 | C-6 | Books | ||||||
| Dewey Decimal Classification | Non-fiction | Central Library, University of Rajshahi | Central Library, University of Rajshahi | 21/11/1963 | Euro-Pak | 58.44 | 14 | 631.522 POB 1959 | 28/10/2024 | C-7 | Books | 27/08/2024 | ||||
| Dewey Decimal Classification | Non-fiction | Central Library, University of Rajshahi | Central Library, University of Rajshahi | 22/02/1964 | Zeitlinger | 72.00 | 631.522 POB 1959 | 16/02/2019 | C-9 | Books |